000 00518nam a2200145 a 4500
001 000024105
005 20200930022725.0
008 110119s2004 dr 000 0 spa d
040 _aDO-SdBNP
_bspa
_cBNPHU
082 _axxxx
_bxxxx
100 1 _aQuiroga, Lucero
_92556
245 1 0 _aFeminización de la matrícula universitaria en la República Dominicana 1977-2002 /
_cLucero Quiroga.
260 _aSanto Domingo :
_bSecretaría de estado de educación superior ciencia y tecnologia,
_c2004.
300 _a67 p. ;
_c28 cm.
999 _c23600
_d23600